Ordenación territorial: desarrollo de predios y comunas rurales

Guardat en:
Dades bibliogràfiques
Autors principals: Gastó Coderch, Juan (autor), Rodrigo, Patricio (Autor), Aránguiz, Ivonne (Autor)
Format: Llibre
Idioma:espanyol
Publicat: Santiago Lom 2002
Edició:1a. ed
Col·lecció:Monografías de Ecología y Territorio
Matèries:
Etiquetes: Afegir etiqueta
Sense etiquetes, Sigues el primer a etiquetar aquest registre!

MARC

LEADER 00000nam a2200000 a 4500
001 UCK7707
003 CL-VaPUC
008 051202e20020000CL |||||||||||||||||spa|d
020 |a 956825000X 
082 0 4 |a 352.96  |b GAS  |2 21 
100 |a Gastó Coderch, Juan  |e autor  |9 757199 
700 0 |a Rodrigo, Patricio  |e author  |9 497274 
700 0 |a Aránguiz, Ivonne  |e author  |9 497275 
245 1 0 |a Ordenación territorial: desarrollo de predios y comunas rurales 
250 |a 1a. ed 
300 |a 995 p 
942 |c BK 
945 |d 20051202 00:00:00  |a jtorresc 
260 |a Santiago  |b Lom  |c 2002 
650 0 |a Medio ambiente  |9 257625 
650 7 |a PLANIFICACION RURAL  |2 CL-VaPUC  |9 497276 
650 0 |a Urbanismo  |9 255208 
650 0 |a Zonas rurales  |9 317366 
583 |a last modification  |c 20110907 04:08:56  |k Rodrigo Vera 
490 0 |a Monografías de Ecología y Territorio 
999 |c 315557  |d 315555 
952 |0 0  |1 0  |4 0  |6 352_960000000000000_GAS_2002  |7 0  |8 A  |9 388921  |a BIBAGR  |b BIBAGR  |d 2019-11-22  |i 4186370  |o 352.96 GAS 2002  |p 4186370  |r 2025-01-20  |w 2019-11-22  |y BK  |k AGR